| 000 | 01185nam a22003257a 4500 | ||
|---|---|---|---|
| 003 | EG-ScBUE | ||
| 005 | 20211125135451.0 | ||
| 008 | 090810s2003 ua f 000 0 ara d | ||
| 017 | _a2003 / 3420 | ||
| 020 | _a977090922X | ||
| 040 |
_aEG-ScBUE _bara _erda _cEG-ScBUE _dEG-ScBUE |
||
| 041 | 1 |
_aara _hita |
|
| 082 | 0 | 4 |
_a853 _bغ ا ز _222 |
| 100 | 1 |
_98393 _aغازي، رندا، _eمؤلف. |
|
| 240 | 1 | 0 |
_aSognando Palestina. _lArabic |
| 245 | 1 | 0 |
_aحالم بفلسطين / _cرندا غازي ؛ ترجمة ميريام رزق الله. |
| 250 | _aالطبعة العربية الثانية. | ||
| 264 | 1 |
_aالقاهرة : _bدار الشروق، _c2003. |
|
| 300 |
_a239 صفحة ؛ _c15 سم |
||
| 336 |
_2rdacontent _aنص _btxt |
||
| 337 |
_2rdamedia _aبدون وسيط _bn |
||
| 338 |
_2rdacarrier _aمجلد _bnc |
||
| 546 | _aالنص باللغة العربية وتم ترجمته من اللغة الإيطالية. | ||
| 650 | 7 |
_98394 _aالقصص الإيطالية _yقرن 20. _2BUEsh |
|
| 651 | _2BUEsh | ||
| 653 |
_bHHUUEENN _cNovember2021 |
||
| 655 |
_vReading book _934232 |
||
| 700 | 1 |
_aرزق الله، ميريام، _eمترجم. |
|
| 942 |
_2ddc _cBB |
||
| 999 |
_c12556 _d12556 |
||